| 000 | 00753nam a2200265Ia 4500 | ||
|---|---|---|---|
| 001 | dia_2600 | ||
| 003 | CHAP | ||
| 005 | 20251027144331.0 | ||
| 008 | 220117s1972 xx 000 0 und d | ||
| 010 | _a173118 | ||
| 040 | _cCHAP | ||
| 082 | _a663.22 V62 | ||
| 100 |
_aVogt, Ernst _9120609 |
||
| 245 |
_aFabricación de Vinos / _c por Ernst Vogt |
||
| 260 |
_aZaragoza, España : _b Acribia, _c1972 |
||
| 300 | _a292 p. | ||
| 500 | _aI. Herbeg Hartug, Silvia. II. | ||
| 650 |
_aUvas _xindustrialización _9153205 |
||
| 650 |
_aVinos de frutas _9153206 |
||
| 650 |
_aVinos e industria vinícola _9153207 |
||
| 901 | _a663.22 V62 | ||
| 902 | _aM | ||
| 905 | _a0000001972 ZARX 0000000000ESP00 | ||
| 942 |
_cLIBRO _2ddc |
||
| 999 |
_c173118 _d173118 |
||